000 00262nam a2200109Ia 4500
008 220204s9999 xx 000 0 und d
082 _a802
_bVAL
100 _aVallins, G H
245 0 _aGood English: How to write it
260 _aLondon
_bELBS
_c1962
942 _cBK
999 _c23507
_d23507